000 00954nam a22002537a 4500
001 BR0104038
003 BR-BrBNA
005 20230928100932.0
007 ta
008 230509b bl.||||| |||| 00| 0 por d
040 _aBR-BrBNA
_bpor
_cBiblioteca Nacional de Agricultura
041 _a(Por)
072 _aD50
090 _ D50 BR0104038
110 1 _aOrganizacao Andrei Sociedade Ltda., Sao Paulo, SP (Brasil)
245 1 _aVigilancia sanitaria: coletanea de atos em vigor pertinentes a atual legislacao sanitaria de drogas, medicamentos, insumos farmaceuticos, produtos dieteticos e correlatos, alimentos, produtos de higiene, cosmeticos, perfumes e saneantes domissanitarios e de portos, aeroportos e fronteiras
260 3 _aSao Paulo, SP (Brasil):
_bAndrei Editora S/A,
_c1978.
300 _av. 1-7
650 _aInspecao Sanitaria
650 _aLegislacao
650 _aDecreto
909 _a202309
_bLucia
_c55
_dLucia Elande
942 _cBK
999 _c63478
_d63478